000 00893nam a22002297a 4500
999 _c6708
_d6708
003 AR-CdUCM
008 190319b ||||| |||| 00| 0 spa d
020 _a84-205-0479-3
040 _aMUNICIPALIDAD PROVINCIAL DEL CUSCO
_cBIBLIOTECA MUNICIPAL DEL CUSCO
082 _a541 /
_bM84
100 _aMoody, G. J.
_918878
245 _aMomentos Dipolares en Química Inorgánica /
260 _aEspaña :
_bAlhambra ;
_c1974.
300 _a115 páginas ;
_bDiagramas, tablas, fórmulas
_c20cm
440 _aColección Exedra - Ciencia Técnica Ingeniería
_n91
_918879
505 _aContenido: Electronegatividad y origen de los momentos dipolares -- Medida de momentos dipolares -- Aplicaciones de los momentos dipolares
650 _aQuímica
_94512
700 _aThomas, J. D. R.
_918880
700 _aCasas Fernández, J.S. (traducción)
_918881
942 _2ddc
_cLIBROS
945 _anom